000 00303nam a22001337a 4500
008 170606b xxu||||| |||| 00| 0 eng d
020 _a2900131932936
041 _aeng
080 _23RD
_a94(4)
100 _a18
101 _aSHH
245 _aA HISTORY OF MODERN FRANCE
_cPOPKIN,J.D
942 _2udc
_cBK
999 _c16001
_d16001